Ergebnisdiagramm der Fußball-Weltmeisterschaft 1974 - Statistiken

Allgemein
  • Dieses Quiz wurde 962 mal gespielt
  • Das Durchschnittsergebnis liegt bei 10 aus 16
Antworten auf der Karte
Die Antworten werden auf der Karte rot bzw. grün angezeigt, abhängig davon wie oft sie richtig erraten wurden.
 
Antwortstatistiken
Nation % Korrekt
Brasilien
94%
Argentinien
91%
BR Deutschland
90%
Italien
83%
DDR
81%
Niederlande
79%
Polen
66%
Jugoslawien
61%
Schweden
61%
Chile
60%
Uruguay
60%
Australien
54%
Schottland
37%
Zaire
36%
Bulgarien
30%
Haiti
29%
Keine übereinstimmenden Quizze gefunden
Verteilung der Resultate
Anzahl Personen mit jedem Resultat
Perzentil nach korrekt beantworteten Fragen
Ihre Resultats-Entwicklung
Sie haben dieses Quiz noch nicht gespielt